000 00522nam a2200181Ia 4500
008 090123s9999 xx 000 0 und d
082 _b33945
100 _aआगाशे म.कृ.
245 _aमास्तरनामा
250 _a1
260 _bश्रीपाद प्रकाशन
300 _a131
600 _aआगाशे म.कृ.
630 _aमास्तरनामा
700 _aआगाशे म.कृ.
730 _aमास्तरनामा
942 _cBOOK
999 _c71999
_d71999